| 000 | 01953cam a2200349 i 4500 | ||
|---|---|---|---|
| 001 | 768714001 | ||
| 003 | CO-MdFUSB | ||
| 005 | 20230615135232.0 | ||
| 007 | ta | ||
| 008 | 230615t1978 -us||||| |||| 00| | spa d | ||
| 020 | _a9780829750034 | ||
| 040 |
_bspa. _aCO-MdFUSB _cCO-MdFUSB _dCO-MdFUSBC _erda |
||
| 041 | _aspa | ||
| 082 | 0 | 4 |
_223 _aG 248.11 _bN372b |
| 100 | 1 |
_aNee, Watchman _eautor |
|
| 240 | _a Spiritual authority | ||
| 245 | 1 | 0 |
_aLa autoridad espiritual _c/ Watchman Nee ; Traducido por José Silva D. |
| 250 | _aprimera edición | ||
| 264 | 1 |
_aMiami, FL., USA : _bVida, _c[1978] |
|
| 264 | 4 | _c© 1978 | |
| 300 |
_a201 páginas _c; 20 cm |
||
| 336 |
_atexto _btxt _2rdacontent |
||
| 337 |
_2rdamedia _asin mediación _bn |
||
| 338 |
_2rdacarrier _avolumen _bnc |
||
| 505 |
_tPrimera parte: La autoridad y la sumisión _aLa importancia de la autoridad -- casos de rebelión en e Antiguo Testamento -- David y su conocimiento de la autoridad -- la obediencia del hijo -- cómo establece Dios su reino -- los hombres deben obedecer a la autoridad delegada -- la autoridad del cuerpo -- las manifestaciones de la rebelión del hombre -- la medida de la obediencia a la autoridad. |
||
| 505 |
_tSegunda parte: las autoridades delegadas _aLos que Dios considera autoridades delegadas -- la principal credencial de las autoridades delegadas: la revelación -- el carácter de las autoridades delegas: benignidad --La base para ser autoridades delegadas -- a resurrección -- el mal uso de la autoridad y la disciplina gubernativa de Dios -- las autoridades delegadas deben estar bajo autoridad -- la vida diaria y la motivación interior de las autoridades delegadas -- las autoridades delegadas deben santificarse a sí misma -- las condiciones para ser autoridades delegadas |
||
| 563 | _aRustico | ||
| 650 | 7 |
_aLiderazgo cristiano _2embne _97271 |
|
| 700 |
_98347 _aSilva, José _etraductor |
||
| 942 | _cBK | ||
| 945 | _aMag1104 | ||
| 999 |
_c34107 _d34107 |
||